Seventeenth century english poetry (Record no. 4446)

MARC details
000 -LEADER
fixed length control field 00496cam a2200193ua 4500
001 - CONTROL NUMBER
control field 5268
005 - DATE AND TIME OF LATEST TRANSACTION
control field 20260515113845.0
008 - FIXED-LENGTH DATA ELEMENTS--GENERAL INFORMATION
fixed length control field 120306n ii |||gr||||Z||||||eng
020 ## - INTERNATIONAL STANDARD BOOK NUMBER
International Standard Book Number 0-19-501391-3
040 ## - CATALOGING SOURCE
Transcribing agency MAIN
082 ## - DEWEY DECIMAL CLASSIFICATION NUMBER
Classification number 821
100 ## - MAIN ENTRY--PERSONAL NAME
Personal name Keast, William R.,
Relator term Editor,
245 11 - TITLE STATEMENT
Title Seventeenth century english poetry
Statement of responsibility, etc. by William R. Keast
250 ## - EDITION STATEMENT
Edition statement 1st.
260 ## - PUBLICATION, DISTRIBUTION, ETC.
Place of publication, distribution, etc. Delhi:
Name of publisher, distributor, etc. Oxford university press,
Date of publication, distribution, etc. 1981.
300 ## - PHYSICAL DESCRIPTION
Extent ix;489p:
Dimensions 23cm.
653 ## - INDEX TERM--UNCONTROLLED
Uncontrolled term English poetry
942 ## - ADDED ENTRY ELEMENTS (KOHA)
Koha item type Books
Holdings
Withdrawn status Lost status Damaged status Not for loan Home library Current library Shelving location Date acquired Total checkouts Full call number Barcode Date last seen Copy number Price effective from Koha item type
        Naharkatiya College Library Naharkatiya College Library General stacks 09/19/2020   821 | SEV 4893 09/19/2020 1 09/19/2020 Books